| 000 -LEADER |
| fixed length control field |
00946nam a22002897a 4500 |
| 001 - CONTROL NUMBER |
| control field |
20736 |
| 003 - CONTROL NUMBER IDENTIFIER |
| control field |
BD-DhUAP |
| 005 - DATE AND TIME OF LATEST TRANSACTION |
| control field |
20200203152041.0 |
| 008 - FIXED-LENGTH DATA ELEMENTS--GENERAL INFORMATION |
| fixed length control field |
200203s2017 enk b 001 0 eng |
| 020 ## - INTERNATIONAL STANDARD BOOK NUMBER |
| International Standard Book Number |
9781849467889 (hardback) |
| 020 ## - INTERNATIONAL STANDARD BOOK NUMBER |
| Canceled/invalid ISBN |
9781509918782 (e-PDF) |
| 020 ## - INTERNATIONAL STANDARD BOOK NUMBER |
| Canceled/invalid ISBN |
9781509918799 (ePub) |
| 040 ## - CATALOGING SOURCE |
| Original cataloging agency |
DLC |
| Language of cataloging |
Eng |
| Transcribing agency |
DLC |
| Modifying agency |
BD-DhUAP |
| 082 00 - DEWEY DECIMAL CLASSIFICATION NUMBER |
| Edition number |
23 |
| Classification number |
341.0268 LAN |
| 245 00 - TITLE STATEMENT |
| Title |
Landmark cases in public international law / |
| Statement of responsibility, etc. |
edited by Eirik Bjorge and Cameron Miles. |
| 264 #1 - PRODUCTION, PUBLICATION, DISTRIBUTION, MANUFACTURE, AND COPYRIGHT NOTICE |
| Place of production, publication, distribution, manufacture |
Oxford and Portland, Oregon : |
| Name of producer, publisher, distributor, manufacturer |
Hart Publishing, |
| Date of production, publication, distribution, manufacture, or copyright notice |
c2017. |
| 300 ## - PHYSICAL DESCRIPTION |
| Extent |
xiv, 621 pages ; |
| Dimensions |
25 cm. |
| 490 0# - SERIES STATEMENT |
| Series statement |
Landmark cases series |
| 504 ## - BIBLIOGRAPHY, ETC. NOTE |
| Bibliography, etc. note |
Includes bibliographical references and index. |
| 526 ## - STUDY PROGRAM INFORMATION NOTE |
| Program name |
SOL |
| 650 #0 - SUBJECT ADDED ENTRY--TOPICAL TERM |
| Topical term or geographic name entry element |
International law |
| General subdivision |
Cases. |
| 9 (RLIN) |
26076 |
| 700 1# - ADDED ENTRY--PERSONAL NAME |
| Personal name |
Bjørge, Eirik. |
| 9 (RLIN) |
26077 |
| 700 1# - ADDED ENTRY--PERSONAL NAME |
| Personal name |
Miles, Cameron A. |
| 9 (RLIN) |
26078 |
| 942 ## - ADDED ENTRY ELEMENTS (KOHA) |
| Source of classification or shelving scheme |
|
| Koha item type |
Book |